TOP 10 Biggest Cities In The Netherlands - Statistics

General Stats
  • This quiz has been taken 48 times
  • The average score is 7 of 10
Answer Stats
Nr Residents Answer % Correct
1. 941.000 Amsterdam
100%
2. 675.000 Rotterdam
98%
3. 571.000 The Hague
90%
4. 380.000 Utrecht
85%
5. 251.000 Eindhoven
80%
6. 247.000 Groningen
76%
10. 189.000 Nijmegen
51%
8. 231.000 Almere
49%
9. 190.000 Breda
44%
7. 232.000 Tilburg
44%
No matching quizzes found
Score Distribution
Percent of People with Each Score
Percentile by Number Answered
Your Score History
You have not taken this quiz